Pembangunan Malaysia dahulu hingga kini

Bibliographic Details
Main Author: Muhamad Ismail Ahmad
Format: Book
Published: Selangor : Pustaka Mawar , 2004
Series:Siri keranamu Malaysia
Subjects:

MARC

LEADER 00000cam a2200000 7i4500
001 0000006182
005 20151222.0
008 070815
020 |a 9789838753531 
020 |a 9838753505(set) 
020 |a 983875353x 
090 0 0 |a G   |b MAL 
100 1 |a Muhamad Ismail Ahmad 
245 1 0 |a Pembangunan Malaysia dahulu hingga kini   |c Muhamad Ismail Ahmad 
260 |a Selangor :   |b Pustaka Mawar ,   |c 2004 
490 1 |a Siri keranamu Malaysia 
500 |a Children ages 10-12 years old (pink) 
650 0 |a Education and state   |x Malaysia 
650 0 |a Junior fiction   |x Malay   |x Languages 
999 |a 0000875704   |b Book   |c Children Collection   |e Cawangan Bandar Penawar 
999 |a 0000875705   |b Book   |c Children Collection   |e Cawangan Tmn. Ungku Tun Aminah 
999 |a 0000875706   |b Book   |c Children Collection   |e Cawangan Mersing 
999 |a 0000980232   |b Book   |c Children Collection   |e Perbadanan Perpustakaan Awam Johor 
999 |a 0000980233   |b Book   |c Children Collection   |e Perbadanan Perpustakaan Awam Johor 
999 |a 0000980234   |b Book   |c Children Collection   |e Cawangan Kota Tinggi 
999 |a 0000980236   |b Book   |c Children Collection   |e Perbadanan Perpustakaan Awam Johor